[Event "Bad Pyrmont Pape op-A 2nd"]
[Site "Bad Pyrmont"]
[Date "2023.08.11"]
[Round "2"]
[White "Martin, Dennis"]
[Black "Aden, Dagmar"]
[Result "1/2-1/2"]
[WhiteElo "2008"]
[BlackElo "1744"]
[PlyCount "88"]
[EventDate "2023.08.10"]
[EventType "swiss"]
[EventRounds "7"]
[EventCountry "GER"]
[SourceTitle "EXT 2024"]
[Source "ChessBase"]
[SourceDate "2023.10.10"]
[SourceVersion "1"]
[SourceVersionDate "2023.10.10"]
[SourceQuality "1"]

1. d4 d5 2. c4 e6 3. Nf3 Nf6 4. g3 Be7 5. Bg2 0-0 6. Qc2 c6 7. Nbd2 Nbd7 8. 0-0 dxc4 9. Nxc4 Nb6 10. Nce5 Nfd7 11. Nd3 Nd5 12. a3 N7f6 13. Rd1 Bd7 14. Nfe5 Rc8 15. b4 a5 16. Rb1 axb4 17. axb4 Be8 18. e4 Nb6 19. Nc5 Qc7 20. Bf4 Bd6 21. Bf3 Nfd7 22. Ned3 Bxf4 23. gxf4 Nxc5 24. bxc5 Nd7 25. Rb4 b5 26. cxb6 Nxb6 27. Rdb1 Nd7 28. e5 Rb8 29. Qxc6 Rxb4 30. Nxb4 Qa5 31. Qd6 Nb6 32. Bc6 Nc4 33. Qe7 Bxc6 34. Nxc6 Qa8 35. Qc5 Nd2 36. Rd1 Nf3+ 37. Kh1 Qa2 38. d5 exd5 39. Rxd5 Qb1+ 40. Kg2 Ne1+ 41. Kg3 Qg6+ 42. Kh4 Nf3+ 43. Kh3 Ng1+ 44. Kh4 Nf3+ 1/2-1/2

[Event "Verden op-B"]
[Site "Verden"]
[Date "2023.01.06"]
[Round "4"]
[White "Laun, Kurt"]
[Black "Aden, Dagmar"]
[Result "1/2-1/2"]
[WhiteElo "1585"]
[BlackElo "1779"]
[PlyCount "45"]
[EventDate "2023.01.05"]
[EventType "swiss"]
[EventRounds "7"]
[EventCountry "GER"]
[SourceTitle "CBM 212 Extra"]
[Source "ChessBase"]
[SourceDate "2023.03.31"]
[SourceVersion "1"]
[SourceVersionDate "2023.03.31"]
[SourceQuality "1"]

1. c4 Nf6 2. Nc3 g6 3. g3 Bg7 4. Bg2 d6 5. d4 c6 6. e3 0-0 7. Nge2 Nbd7 8. 0-0 Nb6 9. b3 d5 10. cxd5 Nfxd5 11. Bb2 Bg4 12. h3 Nxc3 13. Bxc3 Bxe2 14. Qxe2 Nd5 15. Bb2 e6 16. Rfd1 Qb6 17. h4 h5 18. g4 hxg4 19. Qxg4 Nf6 20. Qg3 Nh5 21. Qg4 Nf6 22. Qg3 Nh5 23. Qg4 1/2-1/2

[Event "Verden op-B"]
[Site "Verden"]
[Date "2023.01.05"]
[Round "2"]
[White "Gaertner, Alessandro"]
[Black "Aden, Dagmar"]
[Result "1/2-1/2"]
[WhiteElo "1414"]
[BlackElo "1779"]
[PlyCount "45"]
[EventDate "2023.01.05"]
[EventType "swiss"]
[EventRounds "7"]
[EventCountry "GER"]
[SourceTitle "CBM 212 Extra"]
[Source "ChessBase"]
[SourceDate "2023.03.31"]
[SourceVersion "1"]
[SourceVersionDate "2023.03.31"]
[SourceQuality "1"]

1. c4 Nf6 2. g3 g6 3. Bg2 Bg7 4. Nf3 d6 5. 0-0 0-0 6. Nc3 c6 7. Rb1 Bf5 8. d3 Na6 9. b4 d5 10. Nh4 Be6 11. b5 Nc5 12. Ba3 Nh5 13. Nxd5 cxd5 14. Bxc5 dxc4 15. Bxb7 Rb8 16. Bc6 Bd4 17. Ba3 cxd3 18. Qxd3 Bb6 19. Qf3 Nf6 20. Rfd1 Qc7 21. Qg2 Rfd8 22. Rdc1 Rd2 23. Rb2 1/2-1/2

[Event "GER-ch Net blitz qual2"]
[Site "Playchess.com INT"]
[Date "2021.05.04"]
[Round "1"]
[White "Hoferichter, Michael"]
[Black "Aden, Dagmar"]
[Result "0-1"]
[WhiteElo "1292"]
[BlackElo "1783"]
[PlyCount "120"]
[EventDate "2021.05.04"]
[EventType "swiss (blitz)"]
[EventRounds "11"]
[EventCountry "GER"]
[SourceTitle "CBM 202 Extra"]
[Source "ChessBase"]
[SourceDate "2021.07.31"]
[SourceVersion "1"]
[SourceVersionDate "2021.07.31"]
[SourceQuality "1"]

1. e4 c5 2. Nf3 d6 3. d4 cxd4 4. Nxd4 Nf6 5. Nc3 a6 6. Be3 Ng4 7. Qd2 Nxe3 8. Qxe3 g6 9. Bc4 Bg7 10. 0-0-0 Nc6 11. Nxc6 bxc6 12. Kb1 0-0 13. f4 Bg4 14. Rd2 Qa5 15. Rd3 Rab8 16. h3 Be6 17. Bxe6 fxe6 18. g4 Qb4 19. Nd1 c5 20. Rb3 Qc4 21. e5 d5 22. Rxb8 Rxb8 23. b3 Qe4 24. Re1 Qxe3 25. Nxe3 d4 26. Nc4 g5 27. fxg5 Rf8 28. Rd1 Rf3 29. h4 Rg3 30. b4 Rxg4 31. bxc5 d3 32. c6 Rxc4 33. Rxd3 Rxc6 34. Kc1 Kf7 35. Rf3+ Kg6 36. Rg3 Bxe5 37. Rd3 h6 38. Rd7 Bd6 39. Rd8 hxg5 40. Rg8+ Kh5 41. Rxg5+ Kxh4 42. Rg6 Ba3+ 43. Kd2 Kh5 44. Rg7 Bd6 45. Rh7+ Kg6 46. Rh8 Kf5 47. Rf8+ Ke4 48. Rg8 Rb6 49. Rg4+ Kf5 50. Rg2 Rb2 51. Re2 Rxa2 52. Rf2+ Ke5 53. Re2+ Kd5 54. Ke1 Bb4+ 55. Kf1 Ra1+ 56. Kg2 a5 57. Kf3 a4 58. Kf4 Rf1+ 59. Kg3 a3 60. Rd2+ Bxd2 0-1

[Event "GER-ch Net blitz qual1"]
[Site "Playchess.com INT"]
[Date "2021.04.24"]
[Round "11"]
[White "Aden, Dagmar"]
[Black "Thuemler, Floris"]
[Result "1-0"]
[WhiteElo "1839"]
[BlackElo "1620"]
[PlyCount "157"]
[EventDate "2021.04.24"]
[EventType "swiss (blitz)"]
[EventRounds "11"]
[EventCountry "GER"]
[SourceTitle "CBM 202 Extra"]
[Source "ChessBase"]
[SourceDate "2021.07.31"]
[SourceVersion "1"]
[SourceVersionDate "2021.07.31"]
[SourceQuality "1"]

1. e4 e5 2. Bc4 Nf6 3. d4 exd4 4. Nf3 Nxe4 5. Qxd4 Nf6 6. 0-0 Be7 7. Re1 Nc6 8. Qd1 0-0 9. Nc3 Re8 10. Bg5 h6 11. Bh4 d6 12. Qd2 Bf5 13. Bg3 a6 14. Nh4 Bh7 15. Bd3 Bxd3 16. Qxd3 Nb4 17. Qf5 d5 18. a3 Nc6 19. Rad1 d4 20. Nf3 Qc8 21. Qxc8 Raxc8 22. Nxd4 Nxd4 23. Rxd4 Bc5 24. Rxe8+ Rxe8 25. Rd1 c6 26. h3 Kf8 27. Bd6+ Bxd6 28. Rxd6 Ne4 29. Nxe4 Rxe4 30. Rd7 Re2 31. Rxb7 Rxc2 32. Rb6 a5 33. b4 axb4 34. axb4 Rb2 35. Rxc6 Rxb4 36. Rc7 Rb2 37. g3 g6 38. Kg2 Kg7 39. h4 g5 40. hxg5 hxg5 41. Rc3 g4 42. Rc4 f5 43. Rc6 Re2 44. Kf1 Rd2 45. Ke1 Rb2 46. Rc5 Kf6 47. Rc8 Rb7 48. Rf8+ Rf7 49. Rb8 Re7+ 50. Kd2 Kg5 51. Rg8+ Kf6 52. Kd3 Rg7 53. Rc8 Kg5 54. Rc5 Rf7 55. Ke3 Re7+ 56. Kd3 Re6 57. Rc8 f4 58. Rg8+ Rg6 59. gxf4+ Kf5 60. Rxg6 Kxg6 61. Ke4 Kf6 62. f5 Kf7 63. Kf4 Kf6 64. Kxg4 Kf7 65. Kg5 Kg7 66. f6+ Kf7 67. Kf5 Kf8 68. Ke6 Ke8 69. f3 Kf8 70. f7 Kg7 71. Ke7 Kg6 72. f8Q Kg5 73. f4+ Kg6 74. f5+ Kg5 75. f6 Kg6 76. Qg8+ Kh6 77. Kf7 Kh5 78. Qg3 Kh6 79. Qg6# 1-0

[Event "Niedersachsen-ch op-B"]
[Site "Verden"]
[Date "2017.01.08"]
[Round "7"]
[White "Pubantz, Richard"]
[Black "Aden, Dagmar"]
[Result "0-1"]
[WhiteElo "1719"]
[BlackElo "1834"]
[PlyCount "76"]
[EventDate "2017.01.05"]
[EventType "swiss"]
[EventRounds "7"]
[EventCountry "GER"]
[SourceTitle "CBM 187 Extra"]
[Source "ChessBase"]
[SourceDate "2018.11.04"]
[SourceVersion "1"]
[SourceVersionDate "2018.11.04"]
[SourceQuality "1"]

1. d4 d5 2. c4 e6 3. g3 Nf6 4. Bg2 c6 5. Nf3 Bb4+ 6. Bd2 Qe7 7. a3 Bxd2+ 8. Nbxd2 0-0 9. 0-0 Nbd7 10. Qc2 e5 11. e4 dxe4 12. Nxe4 Nxe4 13. Qxe4 f5 14. Qe2 e4 15. Nd2 Qf6 16. Rad1 Nb6 17. Qe3 Be6 18. b3 Rad8 19. Nb1 Rd7 20. Nc3 Rfd8 21. Ne2 Bf7 22. f3 exf3 23. Bxf3 Re7 24. Qf2 Rde8 25. Rd3 g5 26. a4 Nd7 27. Nc3 Bg6 28. Rd2 Re3 29. Rc1 Qe7 30. d5 Nc5 31. Rcc2 Nd3 32. Rxd3 Rxd3 33. Re2 Qf6 34. Rxe8+ Bxe8 35. Qe2 Qd4+ 36. Kf1 Re3 37. dxc6 Rxe2 38. cxb7 Qf2# 0-1

[Event "Niedersachsen-ch op-B"]
[Site "Verden"]
[Date "2017.01.07"]
[Round "6"]
[White "Aden, Dagmar"]
[Black "Baumann, Marcel"]
[Result "0-1"]
[WhiteElo "1834"]
[BlackElo "1852"]
[PlyCount "134"]
[EventDate "2017.01.05"]
[EventType "swiss"]
[EventRounds "7"]
[EventCountry "GER"]
[SourceTitle "CBM 187 Extra"]
[Source "ChessBase"]
[SourceDate "2018.11.04"]
[SourceVersion "1"]
[SourceVersionDate "2018.11.04"]
[SourceQuality "1"]

1. e4 d5 2. exd5 Qxd5 3. Nc3 Qd6 4. Bc4 a6 5. d3 Nf6 6. Nge2 b5 7. Bb3 Bb7 8. f3 Qb6 9. d4 e6 10. Qd3 c5 11. dxc5 Bxc5 12. Ne4 Nxe4 13. fxe4 Bf2+ 14. Kf1 0-0 15. Qf3 Bc5 16. Nf4 Qc6 17. Be3 Bxe3 18. Qxe3 Qxe4 19. Qxe4 Bxe4 20. Rd1 Nc6 21. Kf2 Na5 22. Rd4 Bf5 23. Ne2 Nxb3 24. cxb3 Rfd8 25. Rhd1 Rxd4 26. Rxd4 Kf8 27. Ng3 Bb1 28. a3 Ba2 29. b4 Ke7 30. Ne4 Bd5 31. Nc5 Kd6 32. g3 a5 33. Ke3 axb4 34. axb4 Ke7 35. Rd1 Ra2 36. Rd2 Ra1 37. Kd4 Rc1 38. b3 Rb1 39. Kc3 Rf1 40. Ra2 Kd6 41. Rd2 Rf3+ 42. Kb2 Ke5 43. Nd3+ Ke4 44. Nc5+ Ke3 45. Kc3 Rf2 46. Rd3+ Ke2 47. Rd2+ Kf1 48. Rd1+ Kg2 49. Nd3 Rf3 50. Rd2+ Kg1 51. Kd4 Bxb3 52. Nf4 Bc4 53. Ke4 Rb3 54. Nh3+ Kh1 55. Kf4 Rxb4 56. Nf2+ Kg1 57. Nh3+ Kf1 58. Ke3 Rb3+ 59. Kd4 Ke1 60. Rc2 Rd3+ 61. Ke4 Rd2 62. Rc3 Rxh2 63. Ng1 Kd1 64. Ke3 Rg2 65. Ra3 Rxg3+ 66. Nf3 Bd5 67. Kf2 Rxf3+ 0-1

[Event "Niedersachsen-ch op-B"]
[Site "Verden"]
[Date "2017.01.06"]
[Round "4"]
[White "Aden, Dagmar"]
[Black "Roehrkasten, Reinhard"]
[Result "0-1"]
[WhiteElo "1834"]
[BlackElo "1915"]
[PlyCount "84"]
[EventDate "2017.01.05"]
[EventType "swiss"]
[EventRounds "7"]
[EventCountry "GER"]
[SourceTitle "CBM 187 Extra"]
[Source "ChessBase"]
[SourceDate "2018.11.04"]
[SourceVersion "1"]
[SourceVersionDate "2018.11.04"]
[SourceQuality "1"]

1. e4 d6 2. d4 Nf6 3. Nc3 g6 4. Bc4 Bg7 5. Qe2 Nc6 6. Nf3 0-0 7. 0-0 Bg4 8. Rd1 e5 9. Be3 exd4 10. Bxd4 Nxd4 11. Rxd4 Nd7 12. Rdd1 Ne5 13. Nd5 Kh8 14. Ne3 Bxf3 15. gxf3 Qg5+ 16. Ng2 Qh5 17. Ne1 Nxc4 18. Qxc4 Be5 19. Kf1 f5 20. exf5 Qxf5 21. Qg4 Bxh2 22. Kg2 Be5 23. Nd3 h5 24. Qxf5 Rxf5 25. Rh1 Raf8 26. Rh3 Kg7 27. Re1 Bd4 28. Re4 Bb6 29. c4 c6 30. Re7+ R8f7 31. Re6 Bc7 32. b3 d5 33. cxd5 Rxd5 34. Ne1 Rd2 35. a4 Bb6 36. Rg3 Rf6 37. Re7+ Kh6 38. Kh3 Bxf2 39. Rg2 Bxe1 40. Rxe1 Rxf3+ 41. Rg3 Rxg3+ 42. Kxg3 Rd3+ 0-1

[Event "Niedersachsen-ch op-B"]
[Site "Verden"]
[Date "2017.01.06"]
[Round "3"]
[White "Lammers, Frank"]
[Black "Aden, Dagmar"]
[Result "1-0"]
[WhiteElo "2019"]
[BlackElo "1834"]
[PlyCount "143"]
[EventDate "2017.01.05"]
[EventType "swiss"]
[EventRounds "7"]
[EventCountry "GER"]
[SourceTitle "CBM 187 Extra"]
[Source "ChessBase"]
[SourceDate "2018.11.04"]
[SourceVersion "1"]
[SourceVersionDate "2018.11.04"]
[SourceQuality "1"]

1. d4 d5 2. Bf4 e6 3. e3 Bd6 4. Bg3 Nf6 5. Bd3 0-0 6. Nd2 b6 7. Qe2 Bb7 8. c3 c5 9. Ngf3 Nc6 10. Ne5 cxd4 11. exd4 Rc8 12. 0-0 Qc7 13. Rae1 Rfe8 14. f4 Rcd8 15. Bh4 Be7 16. Rf3 Nxe5 17. fxe5 Ne4 18. Bxe7 Qxe7 19. Nxe4 dxe4 20. Bxe4 Bxe4 21. Qxe4 Qc7 22. Ref1 Re7 23. Rh3 h6 24. Qg4 Kh7 25. Rg3 Rg8 26. b3 b5 27. Qe4+ g6 28. Rh3 Kg7 29. Qf4 h5 30. Qf6+ Kf8 31. Rg3 Ke8 32. Qf3 Qb7 33. Qxb7 Rxb7 34. Rc1 Ke7 35. c4 bxc4 36. Rxc4 Rd8 37. Rgc3 Rdd7 38. Kf2 f6 39. exf6+ Kxf6 40. Ke3 Kf5 41. Rc5+ Kf6 42. Ke4 Rb4 43. R3c4 Rbb7 44. b4 g5 45. a4 Rh7 46. b5 g4 47. Rc6 Rbd7 48. R4c5 Ke7 49. Rc7 Kd8 50. Rxd7+ Kxd7 51. Rg5 Kd6 52. Rg6 Rc7 53. Rg5 Rc2 54. Rxh5 Ra2 55. Rg5 Rxa4 56. Rxg4 Ra5 57. Rg7 Rxb5 58. Rxa7 Rb2 59. Rg7 Re2+ 60. Kd3 Re1 61. Rg4 Kd5 62. h4 Rh1 63. Ke3 Kd6 64. Kf4 Ke7 65. Kg5 Kf7 66. Rf4+ Kg7 67. Re4 Rg1 68. g4 Rd1 69. h5 Kf7 70. h6 Rh1 71. Rf4+ Kg8 72. Kg6 1-0

[Event "BL2 West 1516 (Women)"]
[Site "Germany"]
[Date "2016.01.10"]
[Round "5.3"]
[White "Veldhuis, Karina"]
[Black "Aden, Dagmar"]
[Result "1/2-1/2"]
[WhiteElo "1687"]
[BlackElo "1880"]
[PlyCount "87"]
[EventDate "2015.09.26"]
[EventType "team-tourn"]
[EventRounds "7"]
[EventCountry "GER"]
[SourceTitle "EXT 2017"]
[Source "ChessBase"]
[SourceDate "2016.10.25"]
[SourceVersion "1"]
[SourceVersionDate "2016.10.25"]
[SourceQuality "1"]
[WhiteTeam "Steinfurt (W)"]
[BlackTeam "Delmenhorst (W)"]
[WhiteTeamCountry "GER"]
[BlackTeamCountry "GER"]

1. d4 Nf6 2. Nf3 g6 3. e3 Bg7 4. Bd3 d5 5. Nbd2 0-0 6. 0-0 b6 7. c3 Bb7 8. Re1 Nbd7 9. e4 dxe4 10. Nxe4 Nxe4 11. Bxe4 Bxe4 12. Rxe4 Nf6 13. Re1 e6 14. Bg5 h6 15. Bh4 g5 16. Bg3 Rc8 17. Qa4 a5 18. Ne5 Nh5 19. Rad1 Nxg3 20. hxg3 Re8 21. Qc4 Bxe5 22. dxe5 Qe7 23. Rd4 Red8 24. Red1 Rxd4 25. Rxd4 Rd8 26. Qd3 Rxd4 27. Qxd4 c5 28. Qd3 Qc7 29. f4 Kg7 30. Kf2 c4 31. Qd4 b5 32. Ke3 b4 33. g4 gxf4+ 34. Qxf4 Qc5+ 35. Qd4 Qc7 36. Qe4 Qc5+ 37. Qd4 Qc7 38. Kf4 bxc3 39. bxc3 a4 40. g5 hxg5+ 41. Kxg5 Qc6 42. g4 Qb5 43. Qf4 Qd5 44. Qf6+ 1/2-1/2

[Event "Niedersachsen-ch op-B"]
[Site "Verden"]
[Date "2016.01.03"]
[Round "2"]
[White "Aden, Dagmar"]
[Black "Kuenitz, Bernhard"]
[Result "1/2-1/2"]
[WhiteElo "1871"]
[BlackElo "1883"]
[PlyCount "84"]
[EventDate "2016.01.03"]
[EventType "swiss"]
[EventRounds "7"]
[EventCountry "GER"]
[SourceTitle "EXT 2018"]
[Source "ChessBase"]
[SourceDate "2017.10.13"]
[SourceVersion "1"]
[SourceVersionDate "2017.10.13"]
[SourceQuality "1"]

1. e4 e6 2. b3 Nc6 3. Bb2 d6 4. Nf3 e5 5. d4 Bg4 6. Be2 Bxf3 7. Bxf3 exd4 8. Bxd4 Ne5 9. Be2 Nf6 10. Nd2 Be7 11. 0-0 h5 12. Nf3 Nxf3+ 13. Bxf3 c6 14. e5 dxe5 15. Bxe5 0-0 16. Qxd8 Rfxd8 17. Rad1 g6 18. Rfe1 Rxd1 19. Rxd1 Kf8 20. c4 Rc8 21. g3 Ne8 22. Bg2 Rd8 23. Rxd8 Bxd8 24. Bd4 Bb6 25. c5 Bd8 26. Bh3 f5 27. Bf1 Nf6 28. b4 Nd5 29. a3 Bf6 30. Bxf6 Nxf6 31. Bc4 Ke7 32. f4 Ne4 33. Kg2 b6 34. cxb6 axb6 35. Bd3 Nd6 36. Kf3 Ke6 37. a4 Nb7 38. Bc4+ Kf6 39. Ba6 Nd6 40. Bd3 Nb7 41. Ba6 Nd6 42. Bd3 Nb7 1/2-1/2

[Event "BL2 West 1415 (Women)"]
[Site "Germany"]
[Date "2014.09.28"]
[Round "2.3"]
[White "Aden, Dagmar"]
[Black "Leib, Britta"]
[Result "1-0"]
[WhiteElo "1875"]
[BlackElo "1907"]
[PlyCount "69"]
[EventDate "2014.09.27"]
[EventType "team-tourn"]
[EventRounds "7"]
[EventCountry "GER"]
[SourceTitle "CBM 166 Extra"]
[Source "ChessBase"]
[SourceDate "2015.06.18"]
[SourceVersion "1"]
[SourceVersionDate "2015.06.18"]
[SourceQuality "1"]
[WhiteTeam "Delmenhorst (W)"]
[BlackTeam "Quickborn Holstein (W)"]
[WhiteTeamCountry "GER"]
[BlackTeamCountry "GER"]

1. e4 e6 2. b3 d5 3. exd5 exd5 4. Bb2 Nd7 5. Nf3 Ngf6 6. Be2 Bc5 7. 0-0 0-0 8. d4 Bd6 9. c4 c6 10. Nc3 Re8 11. cxd5 Nxd5 12. Nxd5 cxd5 13. Bb5 a6 14. Bxd7 Bxd7 15. Ne5 Bf5 16. Qf3 Bxe5 17. Qxf5 Bf6 18. Qd3 Rc8 19. Rfe1 Qa5 20. Rxe8+ Rxe8 21. Bc3 Qb6 22. Kf1 Qd6 23. Re1 Rxe1+ 24. Kxe1 Qxh2 25. Qf5 Qc7 26. Kd2 Qc6 27. Qf4 g6 28. Qb8+ Kg7 29. Bb4 Bg5+ 30. f4 Bxf4+ 31. Qxf4 b6 32. Qe5+ Kg8 33. Qb8+ Kg7 34. Bf8+ Kg8 35. Bh6+ 1-0